00279nam a2200121Ia 4500008004100000082001800041100001600059245003000075250000800105260001900113300000800132650001700140150301s2015 xx 000 0 und d a612.015bT10D aT, DEVRSENA aTEEHNIQWS IN BIOCHEMISTRY aIST bAHYA BOOK COMP a192 aBIOCHEMISTRY